01350cam a2200229 4500001000500000005001700005008003900022010001700061020002700078020001800105100001900123240002000142245009400162250001200256260003200268300002600300520045600326700002600782999001500808952015000823952014700973494320181127174449.0080115s2008 nyu 000 1 eng a 2008001730 a0061578932 (hardcover) a97800081401821 aCoelho, Paulo.10aBrida.lEnglish10aBrida :ba novel /cPaulo Coelho ; translated from the Portuguese by Margaret Jull Costa. a1st ed. aNew York :bHarper,cc2008. axii, 264 p. ;c22 cm. aThe story of a young Irish girl who dives into sorcery and experiments with different magical traditions. She meets a wise man who dwells in a forest, who teaches her about overcoming her fears and trusting in the goodness of the world; and a woman who teaches her how to dance to the music of the world, and how to pray to the moon. As she seeks her destiny, she struggles to find a balance between her relationships and her desire to become a witch.1 aCosta, Margaret Jull. c4118d4118 00102ddc40708FICaRTCLIBbRTCLIBcFICd2021-10-11h i8112l14m6oFIC 813.54 COEp30003773r2024-08-30 00:00:00s2024-08-23w2018-11-27yFIC 00102ddc40708FICaRTCLIBbRTCLIBcFICd2019-04-15h13652l5m2oFIC 813.54 COEp30010749r2023-09-15 00:00:00s2023-08-28w2019-04-15yFIC